It looks like you're offline.
Open Library logo
additional options menu

MARC Record from Library of Congress

Record ID marc_loc_2016/BooksAll.2016.part31.utf8:129315943:1076
Source Library of Congress
Download Link /show-records/marc_loc_2016/BooksAll.2016.part31.utf8:129315943:1076?format=raw

LEADER: 01076cam a22002774a 4500
001 2003615703
003 DLC
005 20130530092520.0
008 021025s2002 fr a b 001 0 fre
010 $a 2003615703
020 $a2846710139
035 $a(FrPJT)JTL00101546
040 $aDLC$cDLC$dDLC
042 $apcc
050 00 $aB2258.C64$bT37 2002
100 1 $aTarde, Gabriel de,$d1843-1904.
245 10 $aPhilosophie de l'histoire et science sociale :$bla philosophie de Cournot /$cGabriel Tarde ; édition et présentation de Thierry Martin ; [sous la direction d'Eric Alliez].
260 $aParis :$bEmpêcheurs de tourner en rond :$bSeuil,$c2002.
300 $a305 p. :$bill. ;$c21 cm.
490 1 $aŒuvres de Gabriel Tarde ;$v2. sér., v. 4
504 $aIncludes bibliographical references and index.
600 10 $aCournot, A. A.$q(Antoine Augustin),$d1801-1877.
650 0 $aSocial sciences$xPhilosophy.
700 1 $aMartin, Thierry,$d1950-
700 1 $aAlliez, Eric.
800 1 $aTarde, Gabriel de,$d1843-1904.$tWorks.$kSelections.$f2001 ;$v2. sér., v. 4.